Solo para inteligentes aptitud matemática

Este libro nos presenta los ejercicios para el desarrollo de aptitudes sirviendo de desarrollo intelectual.

Saved in:
書目詳細資料
主要作者: Fonseca H., Nelson
格式: 圖書
語言:Spanish
出版: Bogotá: Antropodos. [1990?]
主題:
在線閱讀:Enlace del recurso
標簽: 添加標簽
沒有標簽, 成為第一個標記此記錄!

MARC

LEADER 00000nam a2200000 a 4500
001 001284
008 030721q1990 ck a fr# #000|0#spa#d
041 0 |a spa 
043 |a s-ck--- 
082 0 4 |a 370.098  |b C545s 
100 1 |a Fonseca H., Nelson 
245 1 0 |a Solo para inteligentes aptitud matemática   |c Nelson Fonseca H. 
260 |a Bogotá:  |b Antropodos.  |c [1990?] 
300 |a 55p, il 
520 3 |a Este libro nos presenta los ejercicios para el desarrollo de aptitudes sirviendo de desarrollo intelectual. 
650 1 4 |a EDUCACIÓN 
650 1 4 |a PEDAGOGÍA 
999 |c 3436  |d 3436 
856 |u https://catalogo.idep.edu.co/cgi-bin/koha/opac-detail.pl?biblionumber=3436  |z Enlace del recurso